How much is a million / (Record no. 113534)
[ view plain ]
| 000 -LEADER | |
|---|---|
| fixed length control field | 00417nam a2200169 a 4500 |
| 001 - CONTROL NUMBER | |
| control field | 0635 |
| 005 - DATE AND TIME OF LATEST TRANSACTION | |
| control field | 20140414132024.0 |
| 008 - FIXED-LENGTH DATA ELEMENTS--GENERAL INFORMATION | |
| fixed length control field | 040202s19uu xx 00 eng d |
| 020 ## - INTERNATIONAL STANDARD BOOK NUMBER | |
| International Standard Book Number | 0-590-43614-7 |
| 050 ## - LIBRARY OF CONGRESS CALL NUMBER | |
| Classification number | TR |
| Item number | H83 1985 |
| 100 ## - MAIN ENTRY--PERSONAL NAME | |
| Personal name | Schwartz, David |
| 245 ## - TITLE STATEMENT | |
| Title | How much is a million / |
| Statement of responsibility, etc | David Schwartz. |
| 260 ## - PUBLICATION, DISTRIBUTION, ETC. (IMPRINT) | |
| Place of publication, distribution, etc | U.S.A : |
| Name of publisher, distributor, etc | Scholastic, |
| Date of publication, distribution, etc | 1985. |
| 300 ## - PHYSICAL DESCRIPTION | |
| Extent | p. ; cm. |
| 500 ## - GENERAL NOTE | |
| General note | TR/PS |
| Withdrawn status | Lost status | Damaged status | Use restrictions | Home library | Current library | Shelving location | Date acquired | Source of acquisition | Total Checkouts | Full call number | Barcode | Date last seen | Price effective from | Koha item type |
|---|---|---|---|---|---|---|---|---|---|---|---|---|---|---|
| Munich Library | Munich Library | Teachers Reference Section | 02/02/2004 | TR H83 1985 | M5116 | 04/14/2014 | 04/14/2014 | Books |